Khảo sát nhu cầu từ các nhà tuyển dụng và nhận thức của sinh viên ngành Thông tin học trường Đại học Cần Thơ về yêu cầu tuyển dụng trong giai đoạn 4.0 hiện nay : Báo cáo tổng kết đề tài nghiên cứu khoa học của sinh viên

Thu thập thông tin về nhu cầu tuyển dụng tại các cơ quan, đánh giá về nhận thức của sinh viên ngành Thông tin học về sự thay đổi yêu cầu tuyển dụng trong giai đoạn hiện nay.

Gespeichert in:
Bibliographische Detailangaben
1. Verfasser: Nguyễn, Thị Châu Đoan
Format: Buch
Sprache:Undetermined
Veröffentlicht: Cần Thơ Trường Đại học Cần Thơ 2018
Schlagworte:
Tags: Tag hinzufügen
Keine Tags, Fügen Sie den ersten Tag hinzu!
Thư viện lưu trữ: Trung tâm Học liệu Trường Đại học Cần Thơ
LEADER 01281nam a2200217Ia 4500
001 CTU_229080
008 210402s9999 xx 000 0 und d
082 |a 650.14 
082 |b Đ406 
088 |a TSV2018-42 
100 |a Nguyễn, Thị Châu Đoan 
245 0 |a Khảo sát nhu cầu từ các nhà tuyển dụng và nhận thức của sinh viên ngành Thông tin học trường Đại học Cần Thơ về yêu cầu tuyển dụng trong giai đoạn 4.0 hiện nay : 
245 0 |b Báo cáo tổng kết đề tài nghiên cứu khoa học của sinh viên 
245 0 |c Nguyễn Thị Châu Đoan (Chủ nhiệm đề tài) ; Nguyễn Huỳnh Mai (Người hướng dẫn) 
260 |a Cần Thơ 
260 |b Trường Đại học Cần Thơ 
260 |c 2018 
520 |a Thu thập thông tin về nhu cầu tuyển dụng tại các cơ quan, đánh giá về nhận thức của sinh viên ngành Thông tin học về sự thay đổi yêu cầu tuyển dụng trong giai đoạn hiện nay. 
650 |a Employment interviewing,Phỏng vấn việc làm 
910 |b nthai 
980 |a Trung tâm Học liệu Trường Đại học Cần Thơ